000 01247nam a2200385 i 4500
999 _c91
_d91
001 vtls000732321
003 PNM
005 20190725145545.0
008 160506t20102010nyu g 000 fdeng d
020 _a9780061853302
_qpaperback
039 9 _a201605061748
_bVLOAD
_c201402120935
_dfadzli
040 _aDLC
_beng
_cPNM
_erda
049 _aklp
082 0 4 _aFIC HEM
_223
090 0 0 _a813.6
_bHEM
090 2 0 _bHEM
100 1 _aHemphill, Stephanie,
_eauthor.
245 1 0 _aWicked Girls :
_ba novel of the salem witch trials /
_cStephanie Hemphill
250 _aFirst paperback edition, 2013
264 1 _aNew York :
_bBALZER + BRAY,
_c2010
264 4 _c©2010
300 _a408, 17 pages ;
_c20 cm
336 _atext
_2rdacontent
337 _aunmediated
_2rdamedia
338 _avolume
_2rdacarrier
650 1 0 _aTrials (Witchcraft)
_zMassachusetts
_zSalem
_xHistory
_vFiction
650 2 0 _aWitchcraft
_zMassachusetts
_zSalem
_xHistory
_vFiction
651 0 _aSalem (Mass.)
_xHistory
_yColonial period, ca. 1600-1775
_vFiction
700 _aShappell, Ray
_eCover designer
942 _2ddc
_cFIC
949 _63000003689
_a813.6 HEM
_e2167280
949 _61001205641
_e2167281
949 _61001205642
_e2167282
949 _61001205643
_e2167283